000 00304nam a22001337a 4500
008 170728b xxu||||| |||| 00| 0 eng d
020 _a9781585281053
041 _aeng
080 _a004
100 _a32
101 _aSHK
245 _aCOMPOUNDING STERILE PREPARATIONS
_cBUCHANAN,E.C
942 _2udc
_cBK
999 _c22145
_d22145